OECD Economic outlook

Bibliographic Details
Corporate Author: Organisation for Economic Co-operation and Development
Format: Book
Language:English
Published: ParisbOECD Publications , 1997
Subjects:

MARC

LEADER 00000cam a2200000 7i4500
001 0000026916
005 20160926.0
008 160905 fr eng
020 |a 9264153764 
040 |a INS 
090 0 0 |a HC10   |b O42 1997 
110 1 |a Organisation for Economic Co-operation and Development 
245 1 0 |a OECD Economic outlook   |c Organisation for Economic Co-operation and Development 
260 |a ParisbOECD Publications ,   |c 1997 
300 |a xiii, 125p. :   |b col., ill. ;   |c 27 cm. 
650 0 |a Economic history   |y 1945 -   |v Statistics   |v Periodicals 
999 |a 0000022060   |b BOOK   |c Open Shelf   |e Default branch